| 000 | 00606nam a2200229Ia 4500 | ||
|---|---|---|---|
| 003 | OSt | ||
| 005 | 20230509171859.0 | ||
| 008 | 210423s2003 xx 000 0 und d | ||
| 020 | _a9783214397 | ||
| 040 | _cAL | ||
| 041 | _aeng | ||
| 082 |
_a576 _223 _b MADB |
||
| 100 |
_aMADIGAN (Michael T);others. _964522 |
||
| 245 | _aBrock biology of microorganisms Ed 12 | ||
| 260 |
_aNew Delhi _bPHI Learning Pvt Ltd _c2003 |
||
| 300 |
_axxv,1019,G15,I30 _bPB |
||
| 365 |
_b1660 _cINR |
||
| 650 |
_aBiology _964523 |
||
| 650 |
_aMicrobiology _964524 |
||
| 906 | _abiology ; microorganisms | ||
| 942 |
_2ddc _cBK |
||
| 999 |
_c162497 _d162497 |
||